[Event "DEM U12/U12w 2010"]
[Site "Oberhof GER"]
[Date "2010.05.27"]
[Round "8"]
[White "Schmid, Katharina"]
[Black "Schramm, Anna-Lena"]
[Result "0-1"]
[Termination "normal"]
[Board "46"]
[WhiteElo "1056"]
[BlackElo "945"]
[PlyCount "72"]
[WhiteFideId "12918210"]
[BlackFideId "12918237"]
[EventCountry "GER"]
[EventRounds "11"]
[EventType "swiss"]
[EventDate "2010.05.22"]

1. e4 e5 2. Nf3 Nc6 3. Bc4 Nf6 4. Ng5 d5 5. exd5 Na5 6. d3 Nxc4 7. dxc4 Bc5 8.
Nc3 Ng4 9. O-O Qf6 10. Nce4 Qb6 11. h3 Nh6 12. Kh1 Bf5 13. Qe2 O-O 14. Be3 Bxe3
15. fxe3 Qxb2 16. Ng3 Bg6 17. Rab1 Qxa2 18. Rxb7 Bxc2 19. Rc1 Qa6 20. Rxc7 Bb3
21. Qb2 Rab8 22. Qxe5 Rfe8 23. Qd4 Qd6 24. Rxa7 Qxg3 25. Ne4 Qh4 26. Rb1 Rxe4
27. Qd3 Ree8 28. Rxb3 Rxb3 29. Qxb3 Nf5 30. c5 Qe1+ 31. Kh2 Qg3+ 32. Kh1 Nxe3
33. Qa2 Qe1+ 34. Kh2 Nf1+ 35. Kh1 h6 36. Qc2 Ne3+ 0-1

[Event "DEM U12/U12w 2010"]
[Site "Oberhof GER"]
[Date "2010.05.27"]
[Round "8"]
[White "Silber, Stefanie"]
[Black "Lamottke, Svenja"]
[Result "1-0"]
[Termination "normal"]
[Board "47"]
[WhiteElo "847"]
[BlackElo "963"]
[PlyCount "105"]
[WhiteFideId "12918245"]
[BlackFideId "12918229"]
[EventCountry "GER"]
[EventRounds "11"]
[EventType "swiss"]
[EventDate "2010.05.22"]

1. e4 e5 2. Nf3 Nc6 3. d4 exd4 4. Nxd4 Nf6 5. Nxc6 bxc6 6. Nd2 Bc5 7. Bd3 Qe7
8. O-O O-O 9. Re1 d6 10. h3 Rb8 11. c3 a5 12. Qa4 Ra8 13. b4 Bb6 14. Bb2 Bd7
15. b5 cxb5 16. Bxb5 Bxb5 17. Qxb5 Rab8 18. Qe2 Bxf2+ 19. Qxf2 Rxb2 20. Qe3 c5
21. Reb1 Rbb8 22. Rxb8 Rxb8 23. Re1 h6 24. c4 Nd7 25. Qd3 f5 26. Kf1 fxe4 27.
Rxe4 Rf8+ 28. Kg1 Qf6 29. Qd5+ Kh7 30. Qd3 Qa1+ 31. Kh2 Kh8 32. Qxd6 Rd8 33.
Qe7 Qf6 34. Qxf6 Nxf6 35. Re2 Kh7 36. Kg3 Kg6 37. Nb3 Rd3+ 38. Kf2 Kf5 39. Nxc5
Rc3 40. g4+ Kg5 41. Ne6+ Kg6 42. c5 Rc4 43. Kf3 Rc3+ 44. Kf4 Rxh3 45. Rc2 Rd3
46. c6 Rd6 47. Ke5 Rd5+ 48. Kf4 Rd1 49. Rc5 Rf1+ 50. Ke5 Nxg4+ 51. Kd6 Nf6 52.
Ke7 Rd1 53. Nf8# 1-0